| 000 | 00662nam a2200241Ia 4500 | ||
|---|---|---|---|
| 003 | OSt | ||
| 005 | 20220918172652.0 | ||
| 006 | a|||||r|||| 00| 0 | ||
| 007 | ta | ||
| 008 | 220917b |||||||| |||| 00| 0 eng d | ||
| 024 | _a2,079 | ||
| 037 | _cTextual | ||
| 040 |
_aARTS _cARTS _beng |
||
| 041 |
_2eng _aeng |
||
| 082 | _aND21.B,9(Q), M5 | ||
| 100 |
_aVenkataramanayya N. _942644 |
||
| 245 | 0 | _aEssay on the origin of the South Indian temple | |
| 260 |
_aNew Delhi _bAsian Educational Services _c1985 |
||
| 300 |
_a79p. _ccm. |
||
| 650 | _aARTS | ||
| 942 |
_hND21.B,9(Q), M5 _cTEXL _2CC |
||
| 999 |
_c145056 _d145056 |
||